00645nam a2200181Ia 4500952014600000999001700146003000400163005001700167008004100184020001500225040000900240082002200249100002600271245006900297260003800366300000900404942005000413 00102ddc40708POLITICAL SCIENCEaMESbMEScPOLd2019-02-20g85.00l0o329.020902 HEE/Pp17380r2019-02-20 00:00:00w2019-02-20yBKzGL10R4 c20053d20053OSt20200609115621.0190216s9999||||xx |||||||||||||| ||und|| a0720405394 coclc a329.020902bHEE/P aHeers, Jacques 92669 0aParties And Political Life In The Medieval West /cJacques Heers bNorth Holland , c1977.aNewyork: a312p cBK2ddch329.020902iHEE/Pk329.020902mHEE/P